Economics (Record no. 3441)

000 -LEADER
fixed length control field 00490nam a22002057a 4500
001 - CONTROL NUMBER
control field 3441
003 - CONTROL NUMBER IDENTIFIER
control field BD-DhUET
008 - FIXED-LENGTH DATA ELEMENTS--GENERAL INFORMATION
fixed length control field 141029b xxu||||| |||| 00| 0 eng d
020 ## - INTERNATIONAL STANDARD BOOK NUMBER
International Standard Book Number 007059855X
040 ## - CATALOGING SOURCE
Transcribing agency 0
Modifying agency BD-DhUET
082 ## - DEWEY DECIMAL CLASSIFICATION NUMBER
Classification number 330
Item number SAM/2005
100 ## - MAIN ENTRY--PERSONAL NAME
Personal name Samuelson , Paul A.
245 ## - TITLE STATEMENT
Title Economics
250 ## - EDITION STATEMENT
Edition statement 18th ed.
260 ## - PUBLICATION, DISTRIBUTION, ETC. (IMPRINT)
Place of publication, distribution, etc. New Delhi
Name of publisher, distributor, etc. Tata McGrawhill Publishing
Date of publication, distribution, etc. 2005
300 ## - PHYSICAL DESCRIPTION
Extent xxiv,776 p.
650 #0 - SUBJECT ADDED ENTRY--TOPICAL TERM
Topical term or geographic name as entry element Economics
700 ## - ADDED ENTRY--PERSONAL NAME
Personal name Nordhaus, William D.
942 ## - ADDED ENTRY ELEMENTS (KOHA)
Koha item type General Book
Holdings
Date acquired Koha item type Price effective from Koha normalized classification for sorting Location (home branch) Withdrawn status Koha full call number Koha date last borrowed Koha issues (times borrowed) Piece designation (barcode) Not for loan Source of classification or shelving scheme Damaged status Koha date last seen Copy number Shelving location Sublocation or collection (holding branch) Lost status
2014-10-29Guide Book2014-10-29330SAM2005Central Library, BUET 330/SAM/20052016-07-125101768   2016-07-121Circulation sectionCentral Library, BUET 
2006-06-10General Book2019-01-30330_000000000000000_SAM_2005Central Library, BUET 330/SAM/2005  101767   2019-01-302Circulation sectionCentral Library, BUET